000
00478nam a2200181Ia 4500
008
090123s9999 xx 000 0 und d
082
_b
1074
100
_a
गोखले अरविंद
245
_a
कथाई
250
_a
2
260
_b
कुलकर्णी अ.अ.
300
_a
152
600
_a
गोखले अरविंद
630
_a
कथाई
700
_a
गोखले अरविंद
730
_a
कथाई
942
_c
BOOK
999
_c
39158
_d
39158